Συνθήκες εργασίας και ικανοποίηση των τηλε-εργαζόμενων : διπλωματική εργασία
Αποθηκεύτηκε σε:
| Κύριος συγγραφέας: | |
|---|---|
| Συγγραφή απο Οργανισμό/Αρχή: | |
| Άλλοι συγγραφείς: | , |
| Μορφή: | Thesis Βιβλίο |
| Γλώσσα: | Greek |
| Δημοσίευση: |
2005
|
| Θέματα: | |
| Ετικέτες: |
Προσθήκη ετικέτας
Δεν υπάρχουν, Καταχωρήστε ετικέτα πρώτοι!
|
MARC
| LEADER | 00000cam a2200000 i 4500 | ||
|---|---|---|---|
| 001 | 1/36827 | ||
| 008 | 061103s2005 gre d | ||
| 035 | |l 10085920 | ||
| 040 | |a GR-MY-UA |b gre |e aacr | ||
| 041 | 0 | |a gre | |
| 082 | 0 | |a 331.2568 |2 (22) | |
| 100 | 1 | |a Μιχάλη, Μαρία-Ευαγγελία. | |
| 245 | 1 | 0 | |a Συνθήκες εργασίας και ικανοποίηση των τηλε-εργαζόμενων : |b διπλωματική εργασία / |c Μιχάλη Μαρία - Ευαγγελία ; επιβλέπουσα Ρουμπούτσου Αθηνά ; διευθυντής σπουδών Λίτινας Νικόλαος |
| 260 | |c 2005 | ||
| 300 | |a 126 σ.; |b διαγρ.; |c 30 εκ. | ||
| 502 | # | # | |a Διατριβή (μεταπτυχιακή) – Πανεπιστήμιο Αιγαίου, Χίος, 2005. |
| 504 | |a Περιλαμβάνει βιβλιογραφία | ||
| 610 | 2 | 0 | |a Πανεπιστήμιο Αιγαίου. |
| 650 | 0 | 0 | |a Telecommuting |z European Economic Community countries. |
| 650 | 0 | 0 | |a Job satisfaction. |
| 650 | 0 | 0 | |a Dissertations, Academic |z Greece. |
| 700 | 1 | |a Ρουμπούτσου, Αθηνά. |4 ths | |
| 700 | 1 | |a Λίτινας, Νικόλαος. |4 ths | |
| 710 | 1 | |a Πανεπιστήμιο Αιγαίου |b Σχολή Επιστημών της Διοίκησης |b Τμήμα Ναυτιλίας και Επιχειρηματικών Υπηρεσιών |b Πρόγραμμα Μεταπτυχιακών Σπουδών "Ναυτιλία, Μεταφορές και Διεθνές Εμπόριο - ΝΑ.Μ.Ε.". | |
| 852 | |a INST |b CHIOS |c DIATR |e 20061103 |h 331.2568 ΜΙΧ |p 005200026347 |q 005200026347 |t MTXE |y 23 | ||
| 852 | |a INST |b CHIOS |c DIATR |e 20061103 |h 331.2568 ΜΙΧ |p 005200026350 |q 005200026350 |t MTXE |y 23 | ||
| 901 | |a BIBL2-2006-3 | ||
| 909 | |a Χ |b 120108 | ||
| 909 | |a Χ |b 120105 | ||
| 924 | |a ΜΙΧΑΛΗ |b ΜΑΡΙΑ - ΕΥΑΓΓΕΛΙΑ |y ΧΙΟΣ |z 2006-05 | ||
| 970 | |a ΒΑΣΙΛΑΚΗ |b ΝΙΚΗ |z 2006/11/03 | ||